<?xml version="1.0" encoding="UTF-8"?>
<record
    xmlns:xsi="http://www.w3.org/2001/XMLSchema-instance"
    xsi:schemaLocation="http://www.loc.gov/MARC21/slim http://www.loc.gov/standards/marcxml/schema/MARC21slim.xsd"
    xmlns="http://www.loc.gov/MARC21/slim">

  <leader>01469nam a2200301 i 4500</leader>
  <controlfield tag="003">EG-ScBUE</controlfield>
  <controlfield tag="005">20231129115526.0</controlfield>
  <controlfield tag="008">111215s1980    ly a   f      000 0 ara d</controlfield>
  <datafield tag="040" ind1=" " ind2=" ">
    <subfield code="a">EG-ScBUE</subfield>
    <subfield code="b">ara</subfield>
    <subfield code="e">rda</subfield>
    <subfield code="c">EG-ScBUE</subfield>
    <subfield code="d">EG-ScBUE</subfield>
  </datafield>
  <datafield tag="082" ind1="0" ind2="4">
    <subfield code="2">22</subfield>
    <subfield code="a">947.084</subfield>
    <subfield code="b">&#x632; &#x646; &#x62A;</subfield>
  </datafield>
  <datafield tag="100" ind1="1" ind2=" ">
    <subfield code="9">28149</subfield>
    <subfield code="a">&#x632;&#x646;&#x62A;&#x627;&#x646;&#x64A;&#x60C; &#x639;&#x628;&#x62F; &#x627;&#x644;&#x648;&#x647;&#x627;&#x628; &#x645;&#x62D;&#x645;&#x62F;&#x60C;</subfield>
    <subfield code="e">&#x645;&#x624;&#x644;&#x641;.</subfield>
  </datafield>
  <datafield tag="245" ind1="1" ind2="0">
    <subfield code="a">&#x62E;&#x631;&#x627;&#x641;&#x629; &#x627;&#x644;&#x633;&#x62A;&#x627;&#x631; &#x627;&#x644;&#x62D;&#x62F;&#x64A;&#x62F;&#x64A; &#x641;&#x64A; &#x628;&#x644;&#x627;&#x62F; &#x627;&#x644;&#x633;&#x648;&#x641;&#x64A;&#x64A;&#x62A; :</subfield>
    <subfield code="b">&#x627;&#x646;&#x637;&#x628;&#x627;&#x639;&#x627;&#x62A; &#x644;&#x64A;&#x628;&#x64A; &#x641;&#x64A; &#x627;&#x644;&#x627;&#x62A;&#x62D;&#x627;&#x62F; &#x627;&#x644;&#x633;&#x648;&#x641;&#x64A;&#x64A;&#x62A;&#x64A; /</subfield>
    <subfield code="c">&#x639;&#x628;&#x62F; &#x627;&#x644;&#x648;&#x647;&#x627;&#x628; &#x645;&#x62D;&#x645;&#x62F; &#x627;&#x644;&#x632;&#x646;&#x62A;&#x627;&#x646;&#x64A;.</subfield>
  </datafield>
  <datafield tag="250" ind1=" " ind2=" ">
    <subfield code="a">&#x627;&#x644;&#x637;&#x628;&#x639;&#x629; &#x627;&#x644;&#x623;&#x648;&#x644;&#x649;.</subfield>
  </datafield>
  <datafield tag="264" ind1=" " ind2="1">
    <subfield code="a">&#x637;&#x631;&#x627;&#x628;&#x644;&#x633;&#x60C; &#x644;&#x64A;&#x628;&#x64A;&#x627; :</subfield>
    <subfield code="b">&#x645;&#x624;&#x633;&#x633;&#x629; &#x646;&#x627;&#x635;&#x631; &#x644;&#x644;&#x62B;&#x642;&#x627;&#x641;&#x629;&#x60C;</subfield>
    <subfield code="c">1980.</subfield>
  </datafield>
  <datafield tag="300" ind1=" " ind2=" ">
    <subfield code="a">328 &#x635;&#x641;&#x62D;&#x629; :</subfield>
    <subfield code="b">&#x625;&#x64A;&#x636;&#x627;&#x62D;&#x64A;&#x627;&#x62A; &#x61B;</subfield>
    <subfield code="c">24 &#x633;&#x645;</subfield>
  </datafield>
  <datafield tag="336" ind1=" " ind2=" ">
    <subfield code="2">rdacontent</subfield>
    <subfield code="a">&#x646;&#x635;</subfield>
    <subfield code="b">txt</subfield>
  </datafield>
  <datafield tag="337" ind1=" " ind2=" ">
    <subfield code="a">&#x628;&#x62F;&#x648;&#x646; &#x648;&#x633;&#x64A;&#x637;</subfield>
    <subfield code="2">rdamedia</subfield>
    <subfield code="b">n</subfield>
  </datafield>
  <datafield tag="338" ind1=" " ind2=" ">
    <subfield code="a">&#x645;&#x62C;&#x644;&#x62F;</subfield>
    <subfield code="b">nc</subfield>
    <subfield code="2">rdacarrier</subfield>
  </datafield>
  <datafield tag="504" ind1=" " ind2=" ">
    <subfield code="a">&#x64A;&#x634;&#x62A;&#x645;&#x644; &#x639;&#x644;&#x649; &#x625;&#x631;&#x62C;&#x627;&#x639;&#x627;&#x62A; &#x628;&#x628;&#x644;&#x64A;&#x648;&#x62C;&#x631;&#x627;&#x641;&#x64A;&#x629;.</subfield>
  </datafield>
  <datafield tag="651" ind1=" " ind2="7">
    <subfield code="9">28150</subfield>
    <subfield code="a">&#x627;&#x644;&#x627;&#x62A;&#x62D;&#x627;&#x62F; &#x627;&#x644;&#x633;&#x648;&#x641;&#x64A;&#x62A;&#x64A;</subfield>
    <subfield code="x">&#x633;&#x64A;&#x627;&#x633;&#x629; &#x648;&#x62D;&#x643;&#x648;&#x645;&#x629;.</subfield>
    <subfield code="2">BUEsh</subfield>
  </datafield>
  <datafield tag="651" ind1=" " ind2="7">
    <subfield code="9">28151</subfield>
    <subfield code="a">&#x627;&#x644;&#x627;&#x62A;&#x62D;&#x627;&#x62F; &#x627;&#x644;&#x633;&#x648;&#x641;&#x64A;&#x62A;&#x64A;</subfield>
    <subfield code="x">&#x623;&#x62D;&#x648;&#x627;&#x644; &#x627;&#x62C;&#x62A;&#x645;&#x627;&#x639;&#x64A;&#x629;.</subfield>
    <subfield code="2">BUEsh</subfield>
  </datafield>
  <datafield tag="651" ind1=" " ind2="7">
    <subfield code="9">28152</subfield>
    <subfield code="a">&#x627;&#x644;&#x627;&#x62A;&#x62D;&#x627;&#x62F; &#x627;&#x644;&#x633;&#x648;&#x641;&#x64A;&#x62A;&#x64A;</subfield>
    <subfield code="x">&#x623;&#x62D;&#x648;&#x627;&#x644; &#x627;&#x642;&#x62A;&#x635;&#x627;&#x62F;&#x64A;&#x629;.</subfield>
    <subfield code="2">BUEsh</subfield>
  </datafield>
  <datafield tag="651" ind1=" " ind2="7">
    <subfield code="9">28153</subfield>
    <subfield code="a">&#x627;&#x644;&#x627;&#x62A;&#x62D;&#x627;&#x62F; &#x627;&#x644;&#x633;&#x648;&#x641;&#x64A;&#x62A;&#x64A;</subfield>
    <subfield code="x">&#x62A;&#x627;&#x631;&#x64A;&#x62E;</subfield>
    <subfield code="y">&#x642;&#x631;&#x646; 20.</subfield>
    <subfield code="2">BUEsh</subfield>
  </datafield>
  <datafield tag="651" ind1=" " ind2="7">
    <subfield code="9">29277</subfield>
    <subfield code="a">&#x627;&#x644;&#x627;&#x62A;&#x62D;&#x627;&#x62F; &#x627;&#x644;&#x633;&#x648;&#x641;&#x64A;&#x62A;&#x64A;</subfield>
    <subfield code="x">&#x62A;&#x627;&#x631;&#x64A;&#x62E;</subfield>
    <subfield code="y">&#x627;&#x644;&#x62D;&#x643;&#x645; &#x627;&#x644;&#x634;&#x64A;&#x648;&#x639;&#x64A;.</subfield>
    <subfield code="2">BUEsh</subfield>
  </datafield>
  <datafield tag="653" ind1=" " ind2=" ">
    <subfield code="c">December2011</subfield>
  </datafield>
  <datafield tag="655" ind1=" " ind2=" ">
    <subfield code="v">Reading book</subfield>
  </datafield>
  <datafield tag="942" ind1=" " ind2=" ">
    <subfield code="2">ddc</subfield>
    <subfield code="c">BB</subfield>
  </datafield>
  <datafield tag="999" ind1=" " ind2=" ">
    <subfield code="c">16332</subfield>
    <subfield code="d">16332</subfield>
  </datafield>
  <datafield tag="952" ind1=" " ind2=" ">
    <subfield code="0">0</subfield>
    <subfield code="1">0</subfield>
    <subfield code="2">ddc</subfield>
    <subfield code="4">0</subfield>
    <subfield code="7">0</subfield>
    <subfield code="8">Alef-Baa</subfield>
    <subfield code="a">MAIN</subfield>
    <subfield code="b">MAIN</subfield>
    <subfield code="c">2ND</subfield>
    <subfield code="d">2011-12-15</subfield>
    <subfield code="e">Purchase</subfield>
    <subfield code="o">947.084 &#x632; &#x646; &#x62A;</subfield>
    <subfield code="p">000025843</subfield>
    <subfield code="r">2025-07-15 00:00:00</subfield>
    <subfield code="y">BB</subfield>
  </datafield>
</record>
